| 000 | 00736cam a22001934a 4500 | ||
|---|---|---|---|
| 005 | 20250605164346.0 | ||
| 008 | 250528s ||||||||||||||||||||||||d | ||
| 035 | _a23881 | ||
| 040 |
_aGR-AtMCL _bgre _dGR-AtMCL _eAACR2 |
||
| 245 | 1 | _aPsychology and Religion and Spirituality / Joanna Collicutt Introduces a Special Issue | |
| 260 | _c2011 | ||
| 300 | _a91 | ||
| 520 | _aThe Cognitive Science of Religion, Mental Health and Religion and Culture, Faith and Psychology in Historical Dialogue, Religion and Spirituality and Therapeutic Practice, Reflections on Psychology and Religion. | ||
| 700 | 1 |
_aSutton Jon _99351 |
|
| 942 | _cCR | ||
| 710 | 2 |
_aThe British Psychological Society _99823 |
|
| 999 |
_c8799 _d8799 |
||